000 00580nam a22001697a 4500
008 160917b xxu||||| |||| 00| 0 eng d
020 _a0774402490
050 _aLB1027
_b.F84
100 _aFullan Michael
245 _aThe meaning of Educational Change/
_cMichael Fullan
260 _aCanada:
_bOISE press;
_c1982.
300 _axii,326p. :ill.
_bincludes bibliography and indexes
_c17cm
650 _aEducation innovations
_xCanada
650 _aEducational innovations
_xUnited States
650 _aEducational planning
942 _2lcc
_cBOOKS
_hLB1027.F84 1982
999 _c13757
_d13757